00694nam a22001697a 4500003000900000008004100009040007100050082002900121100002900150245009200179260003100271300003700302505013600339650001700475650002100492650001100513AR-CdUCM190401b           ||||| |||| 00| 0 spa d  aMUNICIPALIDAD PROVINCIAL DEL CUSCOcBIBLIOTECA MUNICIPAL DEL CUSCO  22ed.a513 /bSU85 / 1895  aSuárez, Manuel Octavio  aTratado de Aritmética demostrada :bpara uso de los colegios de instrucción media /  aLima :bJ. Galland,c1895.  a179 páginas ;btablas,c17 cm.  aContenido: Numeración -- Nociones preliminares --Operaciones aritméticas -- Sustracción -- Multiplicación -- División ...  aAritmética  aTextos escolares  aManual